Red & black : (Record no. 28937)

MARC details
000 -LEADER
fixed length control field 01043nas a2200265 a 4500
005 - DATE AND TIME OF LATEST TRANSACTION
control field 2009080606436.0
008 - FIXED-LENGTH DATA ELEMENTS--GENERAL INFORMATION
fixed length control field 891227u1966uuuuat fn p 0 0eng d
010 ## - LCCN (DPL NO)
LC control number ENG-94647
020 ## - INTERNATIONAL STANDARD BOOK NUMBER
International Standard Book Number 8189537393
Terms of availability 900.00
035 ## - SYSTEM CONTROL NUMBER
System control number EN-78180
037 ## - SOURCE OF ACQUISITION
Source of stock number/acquisition DBAD / PUB
040 ## - CATALOGING SOURCE
Original cataloging agency dpl
Language of cataloging English
082 ## - DEWEY DECIMAL CLASSIFICATION NUMBER
Classification number 324.254075
100 ## - MAIN ENTRY--PERSONAL NAME
Personal name Srivastava, Arun
245 ## - TITLE STATEMENT
Title Red & black :
Remainder of title what wrong with the Communist Party of India (Marxist) /
Statement of responsibility, etc by Arun Srivastava
260 ## - PUBLICATION, DISTRIBUTION, ETC. (IMPRINT)
Place of publication, distribution, etc Delhi
Name of publisher, distributor, etc Yash Publications
Date of publication, distribution, etc 2009
270 ## - ADDRESS
Address X/909, Chand Mohalla, Gandhi Nagar,
City Delhi
Postal code 110031
300 ## - PHYSICAL DESCRIPTION
Extent 304p.
Dimensions 21cm(Hb)
500 ## - GENERAL NOTE
General note Includes references and index
610 ## - SUBJECT ADDED ENTRY--CORPORATE NAME
Corporate name or jurisdiction name as entry element Communist Party of India (Marxist)
650 ## - SUBJECT ADDED ENTRY--TOPICAL TERM
Topical term or geographic name as entry element Political parties
Geographic subdivision India
710 ## - ADDED ENTRY--CORPORATE NAME
Corporate name or jurisdiction name as entry element Paul Avrich Collection (Library of Congress)
942 ## - ADDED ENTRY ELEMENTS (KOHA)
Source of classification or shelving scheme Dewey Decimal Classification
Item type English Books
Call number suffix SRI
Classification part 324.254075
Holdings
Withdrawn status Lost status Source of classification or shelving scheme Damaged status Not for loan Collection code Home library Current library Date acquired Source of acquisition Cost, normal purchase price Total Checkouts Full call number Barcode Date last seen Copy number Cost, replacement price Koha item type
    Dewey Decimal Classification   Not For Loan Non-fiction D.B.Act.Division D.B.Act.Division 06/08/2009 DBAD / PUB 900.00   324.254075 SRI EN-78180 06/08/2009 1 900.00 English Books

© Delhi Public Library
Hit Counter
free hit counter